00231nam a2200109Ia 4500100002200000650001200022654001300034245002600047260002600073082001000099546001200109 aBernard E. Jones  aGeneral aMechanic aThe Amateur Mechanic bWaverly Book Coc2001 a621.3 aENGLISH